Engineering Physics:Common to Civil, ME, AE, ME(M), MME, Mining and Petroleum Eng. for B. Tech First Year)/ (Record no. 177869)

MARC details
000 -LEADER
fixed length control field 00871nam a22002177a 4500
005 - DATE AND TIME OF LATEST TRANSACTION
control field 20210308173705.0
010 ## - LCCN (DPL NO)
LC control number ENG-129171
020 ## - INTERNATIONAL STANDARD BOOK NUMBER
International Standard Book Number 978-93-88096-27-0
Terms of availability 280.00
035 ## - SYSTEM CONTROL NUMBER
System control number EN-112703
037 ## - SOURCE OF ACQUISITION
Source of stock number/acquisition DBAD/PUB
082 ## - DEWEY DECIMAL CLASSIFICATION NUMBER
Classification number 530.02462
245 ## - TITLE STATEMENT
Title Engineering Physics:Common to Civil, ME, AE, ME(M), MME, Mining and Petroleum Eng. for B. Tech First Year)/
Statement of responsibility, etc Tirmila Sreekanth, et. al
260 ## - PUBLICATION, DISTRIBUTION, ETC. (IMPRINT)
Place of publication, distribution, etc Hyderabad
Name of publisher, distributor, etc Seven Hills International Publishers
Date of publication, distribution, etc 2019
270 ## - ADDRESS
City Hyderabad
Postal code 500038
Address 3326/C, Level-4, Surneni Nilayam, Near B K Gupta Park, S R Nagar
Telephone number 91 40 23710657, 238000657
Fax number 91 40 23810657
Electronic mail address studentshelpline.in@gmail.com
300 ## - PHYSICAL DESCRIPTION
Extent xiv+296p.
Dimensions 24cm(pbk)
Other physical details Including illustrations.
700 ## - ADDED ENTRY--PERSONAL NAME
Personal name Tirmila Sreekanth
700 ## - ADDED ENTRY--PERSONAL NAME
Personal name Chari, V. Dhanunjana
700 ## - ADDED ENTRY--PERSONAL NAME
Personal name K. Ashok
700 ## - ADDED ENTRY--PERSONAL NAME
Personal name Hemlata
942 ## - ADDED ENTRY ELEMENTS (KOHA)
Source of classification or shelving scheme Dewey Decimal Classification
Item type English Books
Classification part 530.02462
Call number suffix ENG
Holdings
Withdrawn status Lost status Not for loan Collection code Home library Current library Date acquired Source of acquisition Cost, normal purchase price Full call number Barcode Copy number Cost, replacement price Koha item type
      Non-fiction Ashok Vihar Ashok Vihar 08/03/2021 DBAD/PUB 280.00 530.02462 ENG EN-112703 1 280.00 English Books

© Delhi Public Library
Hit Counter
free hit counter